Tables of integrals and other mathematical data
Guardado en:
| Hovedforfatter: | |
|---|---|
| Format: | Bog |
| Sprog: | English |
| Udgivet: |
New York, New York : Macmillan,
1957
|
| Udgivelse: | 3 |
| Fag: | |
| Tags: |
Tilføj Tag
Ingen Tags, Vær først til at tagge denne postø!
|
MARC
| LEADER | 00000nam a2200000Ia 4500 | ||
|---|---|---|---|
| 003 | 002394 | ||
| 005 | 20221231144024.0 | ||
| 008 | 140114s1957 us a 000 ||eng d | ||
| 040 | |c cru CEDI | ||
| 082 | |a 517.39 D991t | ||
| 100 | |a Dwight, Herbert Bristol, n. 1885 |9 21492 | ||
| 245 | |a Tables of integrals and other mathematical data | ||
| 250 | |a 3 | ||
| 260 | |a New York, New York : Macmillan, |c 1957 | ||
| 300 | |a x,288 páginas :ilustraciones, tablas | ||
| 651 | |x MATEMATICAS - TABLAS, ETC. |9 21493 | ||
| 942 | |2 ddc |c BK | ||
| 999 | |c 15730 |d 15730 | ||
